Improving memory
| Main Author: | |
|---|---|
| Format: | Book |
| Published: |
Dublin :
Newleaf ,
2002
|
| Series: | The lazy person's guide
|
| Subjects: |
MARC
| LEADER | 00000cam a2200000 7i4500 | ||
|---|---|---|---|
| 001 | 0000118691 | ||
| 005 | 20081010.0 | ||
| 020 | |a 0717133524 | ||
| 090 | 0 | 0 | |a 153.14 |b MCA |
| 100 | 1 | |a McAndler, Richard |f Dr | |
| 245 | 1 | 0 | |a Improving memory |c Dr. Richard McAndler |
| 260 | |a Dublin : |b Newleaf , |c 2002 | ||
| 300 | |a 134p. ; |c 16cm. | ||
| 490 | 0 | |a The lazy person's guide | |
| 650 | 0 | 0 | |a Mnemonics |
| 999 | |a 00214282 |b BUKU |c PINJAMAN |e PERPUSTAKAAN KOMUNITI PETALING JAYA | ||